<?xml version="1.0" encoding="UTF-8"?>
<record
    xmlns:xsi="http://www.w3.org/2001/XMLSchema-instance"
    xsi:schemaLocation="http://www.loc.gov/MARC21/slim http://www.loc.gov/standards/marcxml/schema/MARC21slim.xsd"
    xmlns="http://www.loc.gov/MARC21/slim">

  <leader>00857nam a2200157 i 4500</leader>
  <controlfield tag="001">37131</controlfield>
  <controlfield tag="003">ES-MaACL</controlfield>
  <controlfield tag="005">20230906155516.0</controlfield>
  <controlfield tag="007">t|</controlfield>
  <controlfield tag="008">030220s1905    fr           ||||1| fre d</controlfield>
  <datafield tag="100" ind1="1" ind2=" ">
    <subfield code="a">Brunot, Ferdinand.</subfield>
    <subfield code="9">32205</subfield>
  </datafield>
  <datafield tag="245" ind1="1" ind2="0">
    <subfield code="a">Histoire de la langue fran&#xE7;aise des origines a 1900 / </subfield>
    <subfield code="c">Ferdinand Brunot.</subfield>
  </datafield>
  <datafield tag="300" ind1=" " ind2=" ">
    <subfield code="a">9 t. en 12 v. ; </subfield>
    <subfield code="c">25 cm.</subfield>
  </datafield>
  <datafield tag="505" ind1="8" ind2=" ">
    <subfield code="a">Contiene. T.I: De l'epoque latine a la Renaissance. -- T.II: Le seizieme siecle. -- T.III: La formation de la langue classique (1600-1660). -- T.IV: La langue classique (1660-1715). -- T.V: Le fran&#xE7;ais en France et hors de France au XVII siecle. -- T.VI: Le XVIII siecle. -- T.VII: La propagation du fran&#xE7;ais en France jusqu'a la fin de 'ancien regime. -- T.VIII: Le fran&#xE7;ais hors de France au XVIII. -- T.IX: La Revolution et l'Empire</subfield>
  </datafield>
  <datafield tag="852" ind1=" " ind2=" ">
    <subfield code="a">ES-MaACL</subfield>
    <subfield code="j">C-22121-32</subfield>
  </datafield>
  <datafield tag="999" ind1=" " ind2=" ">
    <subfield code="c">37131</subfield>
    <subfield code="d">37131</subfield>
  </datafield>
  <datafield tag="952" ind1=" " ind2=" ">
    <subfield code="0">0</subfield>
    <subfield code="1">0</subfield>
    <subfield code="4">0</subfield>
    <subfield code="7">0</subfield>
    <subfield code="a">ATENEOM</subfield>
    <subfield code="b">ATENEOM</subfield>
    <subfield code="c">MES</subfield>
    <subfield code="d">2008-01-17</subfield>
    <subfield code="e">SC</subfield>
    <subfield code="l">0</subfield>
    <subfield code="o">C-22121-32</subfield>
    <subfield code="p">1039066</subfield>
    <subfield code="r">2023-02-23 00:00:00</subfield>
    <subfield code="w">2023-02-23</subfield>
    <subfield code="y">MONOGRAFIA</subfield>
  </datafield>
</record>
